Volontariato Sussidiariet ̉Mercato

Detalles Bibliográficos
Autor principal: Jambrenghi, M. T. Paola Caputi
Formato: eBook
Lenguaje:italiano
Publicado: Bari : Cacucci Editore, 2008
Materias:
Acceso en línea:http://www.vlex.com/source/7352

MARC

LEADER 00000nam a22000007a 4500
005 20130307162649.0
007 cr|||| ||||
008 130307e2008 it |||||s|||| 00||0 ita d
020 |a 978-88-8422-706-5 
035 |a 7352 
040 |a vLex 
090 |c 3847  |d 3847 
100 1 0 |a Jambrenghi, M. T. Paola Caputi  
245 1 0 |a Volontariato Sussidiariet ̉Mercato  |c / M. T. Paola Caputi Jambrenghi   |h [Recurso electrn̤ico] 
256 |a Servicio en ln̕ea 
260 |a Bari :  |b Cacucci Editore,   |c 2008 
300 |a 1 Recurso electrn̤ico 
506 |d vLex Global  |d vLex Global (Academic Edition, excluding Law Schools)  |d vLex Global (U.S. Academic Edition, Law Schools)  |d vLex Global (U.S. Academic Edition, excluding Law Schools)  |d vLex Global (Academic Edition, Law Schools) 
650 0 4 |a Voluntariado  |z Italia 
650 0 4 |a Asociaciones, instituciones, etc.  |z Italia 
740 |a vLex Libros 8servicio en ln̕ea) 
856 |a Acceso restringido  |u http://www.vlex.com/source/7352 
942 |c BOOK 
999 0 |a Associations, institutions, etc.